Системная логистика и центр консолидации грузопотоков на международных трассах (Запись № 1236372)

Подробности
000 -МАРКЕР
контрольное поле 01669nam1a2200301 i 4500
001 - ИДЕНТИФИКАТОР ЗАПИСИ
контрольное поле RU\NLR\bibl\519125
005 - ИДЕНТИФИКАТОР ВЕРСИИ
контрольное поле 20260406135126.0
035 ## - ДРУГИЕ СИСТЕМНЫЕ НОМЕРА
Идентификатор записи (NLR Aleph) 000511536
100 ## - ДАННЫЕ ОБЩЕЙ ОБРАБОТКИ
Данные общей обработки 20040513d20039999k c0rusy50 ca
101 0# - ЯЗЫК РЕСУРСА
Язык текста, звукозаписи и т.д. русский
102 ## - СТРАНА ПУБЛИКАЦИИ ИЛИ ПРОИЗВОДСТВА
Страна публикации Российская Федерация
105 ## - ПОЛЕ КОДИРОВАННЫХ ДАННЫХ: ТЕКСТОВЫЕ МАТЕРИАЛЫ, МОНОГРАФИЧЕСКИЕ
Кодированные данные о монографическом текстовом документе ||||z |||||
200 1# - ЗАГЛАВИЕ И СВЕДЕНИЯ ОБ ОТВЕТСТВЕННОСТИ
Основное заглавие Системная логистика и центр консолидации грузопотоков на международных трассах
Сведения, относящиеся к заглавию Тр. II-ой Междунар. науч.-практ. конф.
Первые сведения об ответственности [Редкол.: Архангельский С.В. д.т.н., проф. (отв. ред.) и др.]
210 ## - ПУБЛИКАЦИЯ, РАСПРОСТРАНЕНИЕ И ДР.
Место издания, распространения и т.д. Самара
Имя издателя, распространителя и т. д. Б.и.
Дата издания, распространения и т.д. 2003
215 ## - ФИЗИЧЕСКАЯ ХАРАКТЕРИСТИКА
Размеры 20
300 ## - ОБЩИЕ ПРИМЕЧАНИЯ
Текст примечания В надзаг.: Администрация Сам. обл., Науч.-произв. центр информ. и трансп. систем (НПЦ ИНФОТРАНС), Средневолж. регион. науч. центр АТ РФ, ОАО "Волгатранстерминал"
463 #0 - УРОВЕНЬ ФИЗИЧЕСКОЙ ЕДИНИЦЫ
Встроенное поле 001514386
606 0# - НАИМЕНОВАНИЕ ТЕМЫ КАК ПРЕДМЕТ
Наименование темы Логистика транспортная
Формальный подзаголовок Съезды, совещания и т.п.
Тематический подзаголовок Региональный аспект
Системный номер авторитетной/нормативной записи 2161630
Идентификатор авторитетной/нормативной записи RU\NLR\auth\661300871
686 ## - ИНДЕКСЫ ДРУГИХ КЛАССИФИКАЦИЙ
Индекс У37(2)-59я431
702 #1 - ИМЯ ЛИЦА - ВТОРИЧНАЯ ОТВЕТСТВЕННОСТЬ
Код отношения Редактор
Графика поля Кириллица
Материалы, к которым относится поле rus
Начальный элемент ввода Архангельский
Часть имени, кроме начального элемента ввода С. В.
Дополнения к именам, кроме дат д-р техн. наук
Даты - 2015
Расширение инициалов личного имени Сергей Васильевич
Системный номер авторитетной/нормативной записи 221721
Идентификатор авторитетной/нормативной записи RU\NLR\AUTH\770221777
712 01 - НАИМЕНОВАНИЕ ОРГАНИЗАЦИИ - ВТОРИЧНАЯ ОТВЕТСТВЕННОСТЬ
Код отношения Прочие
Начальный элемент ввода Самарская область
Структурное подразделение Администрация
Идентификатор авторитетной/нормативной записи RU\NLR\AUTH\889918104
Системный номер авторитетной/нормативной записи 332351
801 #0 - ИСТОЧНИК ЗАПИСИ
Страна Российская Федерация
Организация NLR
Дата составления 20040513
Правила каталогизации PSBO
801 #1 - ИСТОЧНИК ЗАПИСИ
Страна Российская Федерация
Организация NLR
Дата составления 20040513
852 ## - МЕСТОНАХОЖДЕНИЕ И ШИФР ХРАНЕНИЯ
Идентификатор организации NLR
Шифр хранения (Call Number) 2004-3/8960
942 ## - ДОПОЛНИТЕЛЬНЫЕ ЭЛЕМЕНТЫ ЗАПИСИ (АБИС)
Тип экземпляра АБИС Книга

Нет доступных экземпляров.